| 000 | 00666nam a2200205 4500 | ||
|---|---|---|---|
| 001 | 131332 | ||
| 003 | ES-MaACL | ||
| 007 | t| | ||
| 008 | 070214s1983 xxk r ||||1| spa d | ||
| 020 | _a0729301591 | ||
| 100 | 1 |
_aRodríguez, Evangelina. _998237 |
|
| 245 | 1 | 0 |
_aCalderón y la obra corta dramática del siglo XVII / _cEvangelina Rodríguez, Antonio Tordera. |
| 260 |
_aLondon : _bTamesis Books, _c1983. |
||
| 300 |
_a228 p. ; _c24 cm. |
||
| 490 | 1 |
_aTámesis. Serie A monografías ; _v91 |
|
| 700 | 1 |
_aTordera, Antonio. _9110626 |
|
| 830 | 0 |
_aTámesis. Serie A monografías ; _v91 _9184317 |
|
| 852 |
_aES-MaACL _jL-8320 _bR.108617 |
||
| 999 |
_c131332 _d131332 |
||